000 05334nam a22005177a 4500
005 20110628111713.0
010 _aENG-102677 B-452153-176
020 _c180.00
_a9788175415751
035 _aEN-86210 B-452153-176
037 _bDBAD / PUB
037 _bVirtuous Pub/Ven
082 _a371.30954
245 _aInnovations in Indian education system /
_cedited by Kalika Yadav, H.K. Khandai [and] Anshu Mathur
260 _aDelhi
_bShipra Publications
_c2011
270 _aLG 18-19, Pankaj Central Market, Patparganj, I. P. Ext.,
_bDelhi
_e110092
300 _ax, 238 p.
_c22cm (pbk)
700 _928520
710 _928535
942 _2ddc
_cEN
_mINN
_h371.30954
999 _c53292
_d53292